Statistieken voor Nederland - Gemeenten in Friesland

Klik hier om de quiz te nemen!

Algemene statistieken

  • Deze quiz is 164 keer genomen
    (153 sinds de laatste reset)
  • De gemiddelde score is 9 van 24

Antwoordstatistieken

Antwoord% Correct
Leeuwarden
96%
Heerenveen
77%
Harlingen
66%
Ameland
55%
Terschelling
55%
Vlieland
55%
Schiermonnikoog
52%
Smallingerland
41%
Súdwest-Fryslân
39%
Franekeradeel
36%
Opsterland
36%
Leeuwarderadeel
34%
Weststellingwerf
34%
Achtkarspelen
32%
Ooststellingwerf
32%
De Friese Meren
30%
Dantumadeel
29%
Dongeradeel
27%
Ferwerderadeel
23%
het Bildt
23%
Tietjerksteradeel
20%
Littenseradeel
18%
Menaldumadeel
18%
Kollumerland en Nieuwkruisland
14%

Scoreverdeling

Percentiel versus Aantal Correcte Antwoorden

Procent van Mensen met Elke Score

Uw Scoregeschiedenis

U heeft deze quiz nog niet genomen sinds de laatste reset